Devinez la Capitale Mystère #104 - Statistiques

Statistiques générales
  • Ce quiz a été pris 124 fois
  • Le résultat moyen est 29 sur 40
Statistiques - réponses
Type de Réponse Réponse % Correct
Lettre Trouvée I
100%
Lettre Trouvée S
100%
Lettre Trouvée A
99%
Lettre Trouvée N
99%
Lettre Trouvée E
98%
Lettre de l'Alphabet R
98%
Lettre Bien Placée A
96%
Lettre Trouvée O
96%
Lettre de l'Alphabet L
94%
Lettre de l'Alphabet B
93%
Lettre Trouvée T
93%
Lettre de l'Alphabet P
89%
Lettre Trouvée M
87%
Lettre Trouvée U
87%
Lettre Trouvée D
86%
Lettre Trouvée G
85%
Lettre de l'Alphabet K
77%
Lettre de l'Alphabet H
75%
Lettre de l'Alphabet C
74%
Lettre de l'Alphabet W
72%
Lettre Bien Placée N
67%
Lettre Bien Placée N
67%
Lettre Bien Placée S
65%
Lettre Bien Placée D
63%
Lettre Bien Placée T
61%
Lettre Bien Placée I
60%
Lettre de l'Alphabet V
60%
Lettre de l'Alphabet X
58%
Lettre Bien Placée O
56%
Lettre de l'Alphabet Y
56%
Lettre de l'Alphabet J
53%
Lettre Bien Placée I
51%
Lettre Bien Placée M
48%
Lettre de l'Alphabet F
47%
Lettre de l'Alphabet Z
46%
Lettre de l'Alphabet Q
43%
Lettre Bien Placée E
41%
Lettre Bien Placée G
41%
Capitale Mystère Saint-Domingue
41%
Lettre Bien Placée U
41%
Aucun quiz correspondant
Distribution des résultats
% des personnes avec chaque résultat
Percentile par nombre de réponses
Votre historique - résultats
Vous n’avez pas pris ce quiz